| 000 | 01753nam a2200409 c 4500 | ||
|---|---|---|---|
| 999 |
_c66145 _d66145 |
||
| 003 | BLK | ||
| 005 | 20241025005438.0 | ||
| 008 | 180408b bul|||||r ||||||| ||bul|| | ||
| 010 | _aKNG00070433000 | ||
| 040 | _aBLK | ||
| 041 |
_aBUL _cBUL |
||
| 080 |
_aБългарска литература _b821.163.2 _x(081) _z821.163.2(081) |
||
| 080 |
_aБългарска литература _b821.163.2 _x-2 _z821.163.2-2 |
||
| 100 |
_aЙовков, Йордан Стефанов _d1880-1937 _gПисател класик - белетрист, драматург, майстор на късия разказ _9363298 |
||
| 139 |
_aЙовков, Йордан Стефанов _bИ 77 |
||
| 245 | 1 | 0 |
_aСъбрани съчинения _bВ 6 т. _cЙордан Стефанов Йовков; под общ. ред. на Симеон Султанов. _nТ. 5 _pАлбена |
| 250 | _a2. попр. изд. | ||
| 257 | _aBGR | ||
| 260 |
_aСофия _bБълг. писател _c1976 - _fСофия : Д. Благоев |
||
| 300 | _c21 см | ||
| 380 | _aX | ||
| 500 | _a1. изд. 1970-1973. | ||
| 505 | _tМилионерът | ||
| 505 | _tБоряна | ||
| 505 |
_gПиеси _tОбикновен човек |
||
| 653 | _aпиеси | ||
| 653 | _aдрами | ||
| 700 | 1 |
_aСултанов, Симеон _eпод общ. ред. на _9370638 |
|
| 760 | 1 |
_aЙовков, Йордан Стефанов _b2. попр. изд. _d1978 _h483 с., 4 л. : портр., факс. _tТ. 5 Албена |
|
| 852 | _aЦб 81929 | ||
| 856 | 4 |
_qpdf _i0.00 _ldisable |
|
| 856 | 4 |
_qpdf _i0.00 _ldisable |
|
| 942 |
_cKNG _n0 _s1 |
||
| 944 |
_aCR _c10.01.2007 _lCRON CRON _k |
||
| 944 |
_aED _c17.05.2017 _lф / _kЛюдмила_Стоянова |
||
| 999 | _d66145 | ||